[Event "PRVA LIGA CENTRALNE SRBIJE 2015"]
[Site "Kragujevac"]
[Date "2015.09.05"]
[Round "1.5"]
[White "Sorgic, Dragan"]
[Black "Markovic, Zoran S"]
[Result "1/2-1/2"]
[WhiteElo "2215"]
[BlackElo "2367"]
[PlyCount "49"]
[EventDate "2015.09.05"]

1. e4 c5 2. Nf3 Nc6 3. d4 cxd4 4. Nxd4 Nf6 5. Nc3 e5 6. Ndb5 d6 7. Nd5 Nxd5 8.
exd5 Nb8 9. a4 Be7 10. Be2 O-O 11. O-O Nd7 12. a5 a6 13. Nc3 f5 14. Bd2 Bg5 15.
Na4 e4 16. f4 exf3 17. Bxf3 Ne5 18. Nb6 Rb8 19. Be2 Bxd2 20. Qxd2 g5 21. Nc4
Nxc4 22. Bxc4 Qf6 23. Rad1 Bd7 24. Qd4 Qxd4+ 25. Rxd4 1/2-1/2

[Event "PRVA LIGA CENTRALNE SRBIJE 2015"]
[Site "Kragujevac"]
[Date "2015.09.05"]
[Round "1.5"]
[White "Milenkovic, Mladen"]
[Black "Nikolic, Dragovan"]
[Result "1-0"]
[WhiteElo "2317"]
[BlackElo "2245"]
[PlyCount "71"]
[EventDate "2015.09.05"]

1. e4 c5 2. Nf3 Nc6 3. d4 cxd4 4. Nxd4 g6 5. Nc3 Bg7 6. Be3 Nf6 7. Bc4 Qa5 8.
f3 Qb4 9. Ndb5 Qxc4 10. Nc7+ Kd8 11. Nxa8 Qb4 12. Qd2 Ng4 13. fxg4 Qxb2 14. O-O
Qxc3 15. Qf2 b6 16. Nxb6 Ne5 17. Nd5 Qc4 18. Bxa7 Ke8 19. Nb6 Qe6 20. Nxc8 Nxg4
21. Qb6 Qe5 22. Qb8 Qxb8 23. Bxb8 Bd4+ 24. Kh1 Bxa1 25. Rxa1 Nf2+ 26. Kg1 Nxe4
27. Bf4 d6 28. Nb6 e5 29. Be3 Ke7 30. a4 Nc3 31. a5 Nb5 32. c4 Nc7 33. Nd5+ Kd7
34. a6 Na8 35. a7 f5 36. Rb1 1-0

[Event "PRVA LIGA CENTRALNE SRBIJE 2015"]
[Site "Kragujevac"]
[Date "2015.09.05"]
[Round "1.5"]
[White "Vojinovic, Luka"]
[Black "Dudukovic, Nikola"]
[Result "1/2-1/2"]
[WhiteElo "2122"]
[BlackElo "2357"]
[PlyCount "53"]
[EventDate "2015.09.05"]

1. Nf3 Nf6 2. c4 c6 3. b3 d5 4. e3 g6 5. Bb2 Bg7 6. d4 O-O 7. Bd3 Nbd7 8. O-O
e5 9. dxe5 Ng4 10. cxd5 Ndxe5 11. Nxe5 Nxe5 12. Nc3 cxd5 13. Be2 Nc6 14. Qd2 d4
15. exd4 Nxd4 16. Rfd1 Qa5 17. Ne4 Qxd2 18. Rxd2 Rd8 19. Bxd4 Rxd4 20. Rxd4
Bxd4 21. Rd1 Bb6 22. Bc4 Bf5 23. Nd6 Rd8 24. Be2 Bc2 25. Rd2 Bb1 26. a4 Ba5 27.
Rb2 1/2-1/2

[Event "PRVA LIGA CENTRALNE SRBIJE 2015"]
[Site "Kragujevac"]
[Date "2015.09.05"]
[Round "1.6"]
[White "Radibratovic, Predrag"]
[Black "Petkov, Vladimir"]
[Result "1-0"]
[WhiteElo "2327"]
[BlackElo "2481"]
[PlyCount "81"]
[EventDate "2015.09.05"]

1. d4 Nf6 2. Nf3 d5 3. Bf4 c5 4. c3 Nc6 5. e3 Qb6 6. Qb3 c4 7. Qc2 Bf5 8. Qc1
e6 9. Nbd2 Qd8 10. b4 Bd6 11. Bxd6 Qxd6 12. a4 O-O 13. Be2 h6 14. O-O Bh7 15.
a5 a6 16. Re1 Nd7 17. Bd1 Na7 18. e4 Nb5 19. e5 Qe7 20. Bc2 Bg6 21. Re3 Nb8 22.
Qb1 Bxc2 23. Qxc2 Nc6 24. Nf1 b6 25. axb6 Rfb8 26. Ng3 Rxb6 27. Nh5 a5 28. bxa5
Rxa5 29. Rxa5 Nxa5 30. g4 Nc6 31. h4 Qa3 32. g5 Qb3 33. Qc1 Qa3 34. Qc2 Qa1+
35. Kg2 Ra6 36. g6 Ne7 37. gxf7+ Kxf7 38. Qh7 Nf5 39. Nxg7 Nxe3+ 40. fxe3 Qa3
41. Nh5+ 1-0

[Event "PRVA LIGA CENTRALNE SRBIJE 2015"]
[Site "Kragujevac"]
[Date "2015.09.05"]
[Round "1.6"]
[White "Paunovic, Tomislav"]
[Black "Mrsevic, Miroslav"]
[Result "1-0"]
[WhiteElo "2342"]
[BlackElo "2268"]
[PlyCount "93"]
[EventDate "2015.09.05"]

1. c4 d6 2. Nc3 g6 3. d4 Nf6 4. e4 Bg7 5. Be2 O-O 6. Be3 e5 7. d5 a5 8. h4 Na6
9. Nh3 Nc5 10. f3 Nh5 11. Bf2 f5 12. exf5 gxf5 13. g3 Qe7 14. Qc2 Bd7 15. O-O-O
Nf6 16. Kb1 a4 17. Nb5 Ne8 18. Nc3 a3 19. b3 Na6 20. Qd2 c5 21. dxc6 bxc6 22.
c5 Rf6 23. cxd6 Rxd6 24. Bc4+ Be6 25. Qe2 Nac7 26. Ng5 Nd5 27. Bxd5 Bxd5 28.
Bc5 h6 29. Nxd5 cxd5 30. Rxd5 hxg5 31. Qc4 Qe6 32. Bxd6 Rc8 33. Bc5 e4 34. fxe4
fxe4 35. Re1 Nd6 36. Rxd6 Qxc4 37. bxc4 Rxc5 38. Rxe4 gxh4 39. gxh4 Rf5 40. Rg4
Kh7 41. Rd7 Kh8 42. Kc2 Rf2+ 43. Rd2 Rf3 44. Rd3 Rf2+ 45. Kb3 Bf8 46. Rd8 Kh7
47. Rxf8 1-0

[Event "PRVA LIGA CENTRALNE SRBIJE 2015"]
[Site "Kragujevac"]
[Date "2015.09.05"]
[Round "1.6"]
[White "Kahrovic, Mersid"]
[Black "Manic, Jovica"]
[Result "1-0"]
[WhiteElo "2275"]
[BlackElo "2265"]
[PlyCount "64"]
[EventDate "2015.09.05"]

1. c4 e5 2. Nc3 d6 3. e4 g6 4. d3 Bg7 5. Nf3 Nc6 6. h3 Nge7 7. g4 h5 8. g5 Be6
9. Nd5 Qd7 10. Nf6+ Bxf6 11. gxf6 Nc8 12. Bg5 Nb6 13. Qd2 a5 14. Bg2 Na4 15. d4
exd4 16. Nxd4 Ne5 17. Nxe6 Qxe6 18. b3 Nc5 19. O-O Ned7 20. f4 Rg8 21. Qc3 Kd8
22. Rae1 Kc8 23. h4 Kb8 24. Bh3 Qe8 25. Bg2 Ra6 26. a3 Qe6 27. Bh3 Qe8 28. b4
Ne6 29. e5 a4 30. exd6 Rxd6 31. c5 Rc6 32. Bg2 Ndf8 1-0

[Event "PRVA LIGA CENTRALNE SRBIJE 2015"]
[Site "Kragujevac"]
[Date "2015.09.05"]
[Round "1.6"]
[White "Nikolic, Boban"]
[Black "Brajovic, Miroljub"]
[Result "1-0"]
[WhiteElo "2236"]
[BlackElo "2104"]
[PlyCount "67"]
[EventDate "2015.09.05"]

1. c4 Nf6 2. Nc3 d5 3. cxd5 Nxd5 4. g3 c6 5. Bg2 e6 6. Nf3 Be7 7. O-O O-O 8. e4
Nf6 9. d4 b6 10. Qb3 Bb7 11. Rd1 a5 12. Bf4 b5 13. e5 Nd5 14. Nxd5 exd5 15. a4
b4 16. Qe3 Bc8 17. h4 Bf5 18. Rac1 h6 19. Bf1 Qd7 20. Bd3 Bxd3 21. Qxd3 Qe6 22.
Rd2 Nd7 23. Rdc2 Rfc8 24. Be3 Ra7 25. Ne1 Nb8 26. Qe2 Rac7 27. Nd3 Bf8 28. Nf4
Qd7 29. Qd3 Rd8 30. e6 fxe6 31. Qg6 Re8 32. Nxd5 Qf7 33. Nf6+ Qxf6 34. Qxe8 1-0

[Event "PRVA LIGA CENTRALNE SRBIJE 2015"]
[Site "Kragujevac"]
[Date "2015.09.05"]
[Round "1.6"]
[White "Kijanovic, Igor"]
[Black "Manic, Ljubomir"]
[Result "1-0"]
[WhiteElo "2064"]
[BlackElo "2152"]
[PlyCount "71"]
[EventDate "2015.09.05"]

1. d4 Nf6 2. c4 c5 3. Nf3 b6 4. Nc3 cxd4 5. Nxd4 Bb7 6. f3 g6 7. e4 d6 8. Bg5
Bg7 9. Qd2 h6 10. Be3 Nc6 11. Nxc6 Bxc6 12. Rc1 Rc8 13. Bd3 Nd7 14. O-O Ne5 15.
Be2 Bd7 16. b3 h5 17. f4 Ng4 18. Bd4 e5 19. Bxg4 hxg4 20. fxe5 dxe5 21. Be3 Be6
22. Nd5 Bxd5 23. cxd5 O-O 24. Rxc8 Qxc8 25. Rc1 Qd7 26. Qc2 Rd8 27. Qc6 f6 28.
a4 Qe7 29. a5 Qb4 30. Qc4 bxa5 31. Qxb4 axb4 32. Bxa7 f5 33. Bb6 Rd7 34. Rc7
Rxc7 35. Bxc7 fxe4 36. d6 1-0

[Event "PRVA LIGA CENTRALNE SRBIJE 2015"]
[Site "Kragujevac"]
[Date "2015.09.05"]
[Round "1.6"]
[White "Arandjelovic, Aleksandar Z"]
[Black "Vizlina, Branisa"]
[Result "1-0"]
[WhiteElo "2060"]
[BlackElo "2045"]
[PlyCount "105"]
[EventDate "2015.09.05"]

1. d4 Nf6 2. c4 c5 3. d5 b5 4. cxb5 a6 5. Nc3 axb5 6. e4 b4 7. Nb5 d6 8. Bf4
Bb7 9. Bc4 Nbd7 10. Nf3 Nb6 11. Nd2 g6 12. O-O Bg7 13. Re1 O-O 14. Qc2 Nfd7 15.
Bg5 Ne5 16. Be2 h6 17. Be3 Na4 18. f4 Nd7 19. Nc4 Ndb6 20. Rab1 Qd7 21. Nxb6
Nxb6 22. a3 Ra5 23. axb4 Rxb5 24. Bxb5 Qxb5 25. bxc5 dxc5 26. Qxc5 Qxc5 27.
Bxc5 Nc8 28. Red1 Rd8 29. b4 f5 30. e5 Bxd5 31. b5 e6 32. b6 Nxb6 33. Rxb6 Rc8
34. Be3 Bf8 35. Rxd5 exd5 36. Rxg6+ Kh7 37. Rf6 Kg7 38. Rxf5 Rc4 39. Kf1 d4 40.
Bd2 d3 41. e6 Re4 42. Rf7+ Kg8 43. f5 Re2 44. Bf4 Bc5 45. g3 Rf2+ 46. Ke1 Rxh2
47. Rd7 Bb4+ 48. Kf1 d2 49. Rd8+ Kh7 50. Be5 Bf8 51. e7 d1=Q+ 52. Rxd1 Bxe7 53.
Rd7 1-0